000 00697nam a2200241Ia 4500
008 180523s9999 xx 000 0 und d
020 _a971-10-03538-
050 _aFIL DS 679
050 _b.S54 1989
100 _aSheridan, Richard Brinsley.
245 4 _aThe Filipino martyrs :
245 2 _ba story of the crime of February 4, 1989 /
245 0 _cRichard Brinsley Sheridan.
260 _aQuezon City :
260 _bNew Day Publishers,
260 _c1989
300 _a124 pages :
300 _billustrations ;
300 _c22 cm.
500 _aIncludes index.
650 _aPhilippines -- History -- Philippine American War, 1899-1902.
650 _xHeoes -- Philippines.
999 _c357831
_d357831